<?xml version="1.0" encoding="UTF-8"?>
<record
    xmlns:xsi="http://www.w3.org/2001/XMLSchema-instance"
    xsi:schemaLocation="http://www.loc.gov/MARC21/slim http://www.loc.gov/standards/marcxml/schema/MARC21slim.xsd"
    xmlns="http://www.loc.gov/MARC21/slim">

  <leader>00914nam a2200205Ia 4500</leader>
  <controlfield tag="003">IN-BaIIA</controlfield>
  <controlfield tag="008">211028s9999    xx            000 0 eng d</controlfield>
  <datafield tag="020" ind1=" " ind2=" ">
    <subfield code="a">0-89766-805-7</subfield>
  </datafield>
  <datafield tag="040" ind1=" " ind2=" ">
    <subfield code="c">IIA Library</subfield>
  </datafield>
  <datafield tag="080" ind1=" " ind2=" ">
    <subfield code="a">524.834(082.1)</subfield>
    <subfield code="b">REL</subfield>
  </datafield>
  <datafield tag="111" ind1=" " ind2=" ">
    <subfield code="a">Texas Symposium TEXAS/PASCOS 92 on Relativistic Astrophysics and pticle Cosmology</subfield>
    <subfield code="n">16th</subfield>
    <subfield code="c">California</subfield>
    <subfield code="d">1992 Dec. 13-18</subfield>
    <subfield code="9">19552</subfield>
  </datafield>
  <datafield tag="245" ind1=" " ind2="0">
    <subfield code="a">Relativistic Astrophysics and pticle cosmology</subfield>
    <subfield code="b">proceedings of the 16th Texas Symposium TEXAS/PASCOS 92 on Relativistic Astrophysics and pt.icle cosmology, held in California, U.S.A., 13-18 Dec 1992</subfield>
    <subfield code="c">edited by C. W Akerlof and  M. A. Srednicki</subfield>
  </datafield>
  <datafield tag="260" ind1=" " ind2=" ">
    <subfield code="a">New York</subfield>
    <subfield code="b">New York Academy of Sciences</subfield>
    <subfield code="c">1993</subfield>
  </datafield>
  <datafield tag="300" ind1=" " ind2=" ">
    <subfield code="a">[various pagings.]</subfield>
  </datafield>
  <datafield tag="650" ind1=" " ind2=" ">
    <subfield code="a">pticle cosmology</subfield>
    <subfield code="9">19553</subfield>
  </datafield>
  <datafield tag="650" ind1=" " ind2=" ">
    <subfield code="a">Relativistic Astrophysics</subfield>
    <subfield code="9">6801</subfield>
  </datafield>
  <datafield tag="700" ind1=" " ind2=" ">
    <subfield code="a">Akerlof, C. W., ed.</subfield>
    <subfield code="9">19554</subfield>
  </datafield>
  <datafield tag="700" ind1=" " ind2=" ">
    <subfield code="a">Srednicki, M. A., ed.</subfield>
    <subfield code="9">19555</subfield>
  </datafield>
  <datafield tag="942" ind1=" " ind2=" ">
    <subfield code="c">BK</subfield>
  </datafield>
  <datafield tag="999" ind1=" " ind2=" ">
    <subfield code="c">11368</subfield>
    <subfield code="d">11368</subfield>
  </datafield>
  <datafield tag="952" ind1=" " ind2=" ">
    <subfield code="0">0</subfield>
    <subfield code="1">0</subfield>
    <subfield code="4">0</subfield>
    <subfield code="7">0</subfield>
    <subfield code="a">BAN</subfield>
    <subfield code="b">BAN</subfield>
    <subfield code="c">GEN</subfield>
    <subfield code="d">1995-09-25</subfield>
    <subfield code="l">0</subfield>
    <subfield code="o">524.834(082.1)/ REL</subfield>
    <subfield code="p">12283</subfield>
    <subfield code="r">2021-11-05</subfield>
    <subfield code="w">1995-09-25</subfield>
    <subfield code="y">BK</subfield>
  </datafield>
</record>
